00725nam a2200241Ia 450000100060000000300090000600800410001504000130005604000130006904100130008210000180009510000290011324500430014224500540018525000110023926000100025026000100026026000490027030000550031950000350037465000430040965000310045288709IT-RoPAU130308s9999 xx 000 0 und d aIT-RoPAU cIT-RoPAU aFRANCESE aRobin Jacques gCodice Aut. SPICS: 31709 a"Edgar Morin et le ""groupe des dix""" bArguments pour Une Methode (Autour D'Edgar Morin) a1a ed. aPARIS bSeuil c1990 [1° Ed.:1990 - Ed.Ling.Originale:1986] a"5 p. (prefazione: no ; testo: 5 [pagine: 82-86])" aEdgar Morin e gruppo dei Dieci aSOCIOLOGIA DELLA COMUNICAZIONE SOCIALE eCodice materia Spics: 3806